Australian cities multiple choice: Mount Gambier - Statistics

General Stats
  • This quiz has been taken 17 times
  • The average score is 6 of 15
Answer Stats
Question Answer % Correct
Mount Gambier is roughly half way between which capital cities? Adelaide and Melbourne
100%
As well as a city, Mount Gambier is also A dormant volcano
100%
What was the Mount Gambier Gift? An athletics carnival
67%
What is in the Umpherston Sinkhole? A sunken garden
67%
Nevermind the Blue Lake; what colour is nearby Valley Lake? Green
67%
What can you do in the Kilsby sinkhole? Scuba dive
67%
Declared a city 1954
33%
What is the name of the stretch of the Princes Highway that passes through Mount Gambier? Jubilee Highway
33%
Which four local teams compete in the Western Border Football League? North Gambier, South Gambier, East Gambier and West Gambier
33%
Which cult classic did not feature Mount Gambier's most famous son, Sir Robert Helpmann? The Blob (1958)
33%
What is the Old Mount Gambier Gaol now used for? A hotel
0%
What does the obelisk at the Blue Lake commemorate? An extraordinary feat of horsemanship by poet Adam Lindsay Gordon
0%
Engelbrecht Cave is a tourist attraction in the middle of the city. What was it used for in the 100 or so years before it was opened to tourists? A rubbish dump
0%
Mount Gambier was named after James Gambier, Admiral of the Fleet. What was not named after him? A type of dog bred to live on sailing ships and fishing boats
0%
What is the local newspaper, published since 1861? The Border Watch
0%
No matching quizzes found
Score Distribution
Percent of People with Each Score
Percentile by Number Answered
Your Score History
You have not taken this quiz